000 00746nam a22002177a 4500
999 _c20096
_d20096
003 AR-CdUCM
008 190525b ||||| |||| 00| 0 spa d
040 _aMUNICIPALIDAD PROVINCIAL DEL CUSCO
_cBIBLIOTECA MUNICIPAL DEL CUSCO
041 _hger
082 _a780.905 /
_bE33
100 _aEimert, Herbert
_942048
245 _a¿Qué es la música dodecafónica?
260 _aArgentina :
_bNueva visión,
_c1959.
300 _a89 páginas ,
_c20 cm.
505 _aContenido: Teoría de la Técnica dodecafónica -- La estructura dodecafónica...
650 _aMúsica
_91443
650 _aMúsica contemporánea
_942049
700 _aFranze, Juan Pedro y Parreño Francisco I.(traductores)
_942050
942 _2ddc
_cLIBROS
945 _aAndy